| 000 | 00975nam a22002537a 4500 | ||
|---|---|---|---|
| 999 |
_c19351 _d19351 |
||
| 003 | OSt | ||
| 005 | 20210128152524.0 | ||
| 008 | 161008b xxu||||| |||| 00| 0 eng d | ||
| 010 | _a 2007020973 | ||
| 020 | _a9780814480588 | ||
| 040 |
_aMMU _cMMU _dMMU _beng |
||
| 050 | 0 | 0 |
_aHF5548.8 _b.B2435 2008 |
| 100 | 1 |
_aBardwick, Judith M., _d1933- |
|
| 245 | 1 | 0 |
_aOne foot out the door : _bhow to combat the psychological recession that's alienating employees and hurting American business / _cJudith M. Bardwick. |
| 260 |
_aNew York : _bAMACOM/ American Management Association, _cc2008. |
||
| 300 |
_axiv, 226 p. : _c24 cm. |
||
| 500 | _aIncludes bibliographical references (p. 203-216) and index. | ||
| 650 | 0 |
_aPsychology, Industrial _zUnited States. |
|
| 650 | 0 |
_aEmployees _zUnited States _xAttitudes. |
|
| 650 | 0 |
_aEmployee morale _zUnited States. |
|
| 650 | 0 |
_aManagement _xPsychological aspects. |
|
| 650 | 0 |
_aQuality of work life _zUnited States. |
|
| 942 |
_2lcc _cLOAN LOAN |
||